| 000 | 00426nam a2200145 a 4500 | ||
|---|---|---|---|
| 001 | 000031612 | ||
| 005 | 20200930063043.0 | ||
| 008 | 110628s1960 dr 000 0 spa d | ||
| 040 |
_aDO-SdBNP _bspa _cBNPHU |
||
| 041 | 1 | 7 | _aeng |
| 245 | 0 | 0 | _aTimesman Edward C. Burks - Deliberate misrepresentation. |
| 260 |
_aCiudad Trujillo, Dominican Republic : _bDominican Press Society, _c1960. |
||
| 300 |
_a38 p. ; _c15. |
||
| 049 | _aBNPD | ||
| 999 |
_c31104 _d31104 |
||